00639cam a22001931 4500001001300000003000400013005001700017008004100034010001700075035002000092040001800112042001200130050002200142100002600164245016800190260005200358300001800410999001700428sa 64006531 DLC20260227112040.0890403q io 000 0 ind  asa 64006531  a(OCoLC)23569303 aDLCcMiUdDLC apremarc00aDS644b.2 1959.S90 aSoekarno,d1901-1970.10aPidato Presiden Soekarno pada pembukaan djurusan Publisistik Fakultas Hukum dan Pengetahuan Masjarakat Universitas Indonesia di Djakarta, tanggal 12 Desember 1959. a[Djakarta]bDepartemen Peneranganc[cover 1959] a18 p.c22 cm. c59755d59755